00744nam a2200205 i 450000100060000000300090000600500170001500700030003200800410003510000280007624501320010425000120023626000320024830000300028065000320031070000350034285200220037799900170039995201220041678734ES-MaACL20230906173810.0t|041015s1970 sp a |||| | spa d1 aHalpin, James F.96162710aCero defectos b: una nueva dimensión en la garantía de calidad /cJames F. Halpin ; [traducida por Pedro Rimblas Verdejo]. a1ª ed. aBarcelona : bCeac, c1970. a259 p. : bil. ; c23 cm. 4aControl de calidad.91461371 aRimblas Verdejo, Pedro.997243 aES-MaACLjC-44475 c78734d78734 00104070aATENEOMbATENEOMcDEPO2d2008-01-17eSCl0oC-44475p1082345r2023-02-23 00:00:00w2023-02-23yMONOGRAFIA